[Event "Capablanca Memorial op-B 48th"]
[Site "Havana"]
[Date "2013.04.27"]
[Round "6"]
[White "Brito Valdes, Santiago Jose"]
[Black "Macias Velazquez, Marlies"]
[Result "1/2-1/2"]
[WhiteElo "2058"]
[BlackElo "2162"]
[PlyCount "157"]
[EventDate "2013.04.21"]
[EventType "swiss"]
[EventRounds "9"]
[EventCountry "CUB"]
[SourceTitle "CBM 154 Extra"]
[Source "ChessBase"]
[SourceDate "2013.06.25"]
[SourceVersion "2"]
[SourceVersionDate "2013.06.25"]
[SourceQuality "1"]

1. e4 e5 2. Nf3 Nc6 3. Bc4 Bc5 4. 0-0 Nf6 5. d4 Nxd4 6. Nxe5 Ne6 7. Nc3 d6 8. Nd3 Bd4 9. Ne2 Bb6 10. Ng3 0-0 11. Nf4 Re8 12. Nd5 Nxd5 13. exd5 Nf8 14. Kh1 Qh4 15. Bd3 Bd7 16. b3 Ng6 17. Bb2 Ne5 18. Bxe5 Rxe5 19. f4 Bg4 20. Qd2 Re3 21. Nf5 Bxf5 22. Bxf5 Rae8 23. Bd3 h6 24. Rad1 Kf8 25. Rb1 Qg4 26. Rbe1 Rxe1 27. Rxe1 Rxe1+ 28. Qxe1 Qxf4 29. Bb5 g6 30. Bd3 Qd4 31. Qf1 Kg7 32. Bc4 Qe3 33. h3 Bd4 34. Bd3 f5 35. Kh2 Be5+ 36. Kh1 Qg3 37. Kg1 h5 38. Qf3 Qe1+ 39. Qf1 Bd4+ 40. Kh1 Qe5 41. Bc4 Qe3 42. Bd3 a6 43. a4 Kf6 44. Be2 h4 45. Bf3 Be5 46. Qd1 g5 47. Qe2 Qc1+ 48. Qd1 Qf4 49. Kg1 Bd4+ 50. Kh1 Qe3 51. Qf1 b6 52. Bg4 Qf2 53. Qxf2 Bxf2 54. Be2 a5 55. Bc4 Ke5 56. Kh2 Kf4 57. Bd3 Bc5 58. Bc4 g4 59. hxg4 fxg4 60. Be2 Bd4 61. Bd3 Ke3 62. Bf5 Be5+ 63. Kg1 Kf4 64. Bd3 Kg3 65. Bf5 Bd4+ 66. Kh1 h3 67. gxh3 Kxh3 68. Be6 Kg3 69. Bf5 Kf3 70. Be6 g3 71. Bh3 Kf2 72. Bg2 Be5 73. Be4 Ke3 74. Bf5 Kd4 75. Be6 Kc5 76. Kg2 b5 77. axb5 Kxb5 78. Bd7+ Kc5 79. c4 1/2-1/2

[Event "Capablanca Memorial op-B 45th"]
[Site "Havana"]
[Date "2011.05.18"]
[Round "7"]
[White "Macias Velazquez, Marlies"]
[Black "Pinero Salas, Carlos Julio"]
[Result "1-0"]
[WhiteElo "2214"]
[BlackElo "2027"]
[PlyCount "47"]
[EventDate "2011.05.11"]
[EventType "swiss"]
[EventRounds "7"]
[EventCountry "CUB"]
[SourceTitle "CBM 142 Extra"]
[Source "ChessBase"]
[SourceDate "2011.06.27"]
[SourceVersion "1"]
[SourceVersionDate "2011.06.27"]
[SourceQuality "1"]

1. e4 c5 2. Nc3 e6 3. Qe2 Nc6 4. Nf3 a6 5. g3 Be7 6. Bg2 g5 7. h3 h5 8. d3 d6 9. Be3 e5 10. Nd5 f6 11. c3 Be6 12. Qc2 Nh6 13. Qd2 0-0 14. h4 Ng4 15. hxg5 f5 16. Rxh5 Nxe3 17. Qxe3 Bf7 18. Rh6 Kg7 19. 0-0-0 Bxg5 20. Nxg5 f4 21. Rh7+ Kg6 22. gxf4 Bxd5 23. exd5 Rxf4 24. dxc6 1-0

[Event "Capablanca Memorial op-B 45th"]
[Site "Havana"]
[Date "2011.05.11"]
[Round "1"]
[White "Macias Velazquez, Marlies"]
[Black "Martin Campos, Beatriz Josefa"]
[Result "1-0"]
[WhiteElo "2214"]
[BlackElo "2020"]
[PlyCount "97"]
[EventDate "2011.05.11"]
[EventType "swiss"]
[EventRounds "7"]
[EventCountry "CUB"]
[SourceTitle "CBM 142 Extra"]
[Source "ChessBase"]
[SourceDate "2011.06.27"]
[SourceVersion "1"]
[SourceVersionDate "2011.06.27"]
[SourceQuality "1"]

1. e4 e5 2. Nf3 Nc6 3. Bb5 a6 4. Ba4 Nf6 5. d3 b5 6. Bb3 Bc5 7. c3 d6 8. 0-0 0-0 9. Nbd2 Bg4 10. h3 Bh5 11. Re1 d5 12. Qe2 d4 13. Nf1 dxc3 14. bxc3 b4 15. g4 Nxg4 16. hxg4 Bxg4 17. Bd5 Qf6 18. N1h2 Bh5 19. Bxc6 Qxc6 20. cxb4 Bxb4 21. Bd2 Bd6 22. Qf1 f5 23. Qh3 fxe4 24. dxe4 Qe8 25. Nh4 Rd8 26. Be3 Bb4 27. Rec1 Ba5 28. Qg3 Rd7 29. Ng4 Bxg4 30. Qxg4 Bb6 31. Bxb6 cxb6 32. Rd1 Rc7 33. Rac1 Rxc1 34. Rxc1 h5 35. Qg6 Qf7 36. Qxf7+ Rxf7 37. Ng6 Rf6 38. Rc8+ Kf7 39. Nxe5+ Ke6 40. Nc4 Kd7 41. Rg8 b5 42. Rxg7+ Ke6 43. Ne3 Ke5 44. Re7+ Kd4 45. e5 Rg6+ 46. Kh2 Kc3 47. e6 Kb2 48. f4 Kxa2 49. f5 1-0

[Event "Havana UCI op 9th"]
[Site "Havana"]
[Date "2010.11.19"]
[Round "9"]
[White "Macias Velazquez, Marlies"]
[Black "Alvarez Garcia, Mario Alberto"]
[Result "1/2-1/2"]
[WhiteElo "2126"]
[BlackElo "2116"]
[PlyCount "124"]
[EventDate "2010.11.08"]
[EventType "swiss"]
[EventRounds "9"]
[EventCountry "CUB"]
[SourceTitle "CBM 139 Extra"]
[Source "ChessBase"]
[SourceDate "2011.01.05"]
[SourceVersion "1"]
[SourceVersionDate "2011.01.05"]
[SourceQuality "1"]

1. e4 c5 2. Nf3 e6 3. Qe2 a6 4. g3 b5 5. Bg2 Bb7 6. d3 Be7 7. 0-0 Nc6 8. Nc3 d6 9. Bd2 b4 10. Nd1 Nf6 11. c3 a5 12. Ne1 0-0 13. f4 a4 14. g4 Nd7 15. g5 a3 16. b3 bxc3 17. Bxc3 Nd4 18. Bxd4 cxd4 19. h4 f6 20. Qg4 f5 21. exf5 Bxg2 22. Qxg2 Rxf5 23. Qe4 Kf7 24. Qxd4 d5 25. Qe3 d4 26. Qe4 Nc5 27. Qe2 Qc7 28. Rc1 Qd6 29. Nf3 Kg8 30. Ne5 Raf8 31. Qd2 Nd7 32. Nc4 Qd5 33. Qg2 Rxf4 34. Nf2 Qxg2+ 35. Kxg2 Rxh4 36. Ne4 Rhf4 37. Nf6+ R4xf6 38. gxf6 Bxf6 39. b4 Rb8 40. Rb1 Be7 41. Nxa3 Rxb4 42. Rxb4 Bxb4 43. Nc2 Bc3 44. Kf3 Nc5 45. Ke2 g5 46. Na3 Kg7 47. Nb5 Bb2 48. Rb1 Na4 49. Kd2 Kf6 50. Kc2 Bc3 51. Nxc3 Nxc3 52. Rb4 e5 53. a4 Nxa4 54. Rxa4 h5 55. Kd2 Kf5 56. Ke2 Kf4 57. Kf2 g4 58. Ra8 g3+ 59. Kg2 h4 60. Rf8+ Ke3 61. Re8 Kf4 62. Rf8+ Ke3 1/2-1/2

[Event "Havana UCI op 9th"]
[Site "Havana"]
[Date "2010.11.16"]
[Round "6"]
[White "De Quesada Pena, Alexei"]
[Black "Macias Velazquez, Marlies"]
[Result "1-0"]
[WhiteElo "2231"]
[BlackElo "2126"]
[PlyCount "139"]
[EventDate "2010.11.08"]
[EventType "swiss"]
[EventRounds "9"]
[EventCountry "CUB"]
[SourceTitle "CBM 139 Extra"]
[Source "ChessBase"]
[SourceDate "2011.01.05"]
[SourceVersion "1"]
[SourceVersionDate "2011.01.05"]
[SourceQuality "1"]

1. e4 e5 2. Nf3 Nc6 3. Bb5 a6 4. Ba4 d6 5. 0-0 Nf6 6. Re1 b5 7. Bb3 Na5 8. d4 Nxb3 9. axb3 Bb7 10. Nc3 b4 11. Nd5 Be7 12. dxe5 dxe5 13. Nxe5 Nxd5 14. exd5 Bxd5 15. Bg5 Be6 16. Qxd8+ Bxd8 17. Bxd8 Kxd8 18. Nc6+ Kc8 19. Nxb4 Kb7 20. Re5 Rhd8 21. Nd3 Rd5 22. Rxd5 Bxd5 23. Re1 Kb6 24. Re7 Rd8 25. Re3 Be6 26. Kf1 a5 27. Ke2 Rd4 28. Re5 g6 29. Ke3 Rd8 30. Nc5 Bf5 31. Na4+ Ka6 32. c3 Rd1 33. Ke2 Rb1 34. Re7 Be6 35. Rxc7 Bxb3 36. Nc5+ Kb6 37. Rb7+ Kxc5 38. Rxb3 Kc6 39. h4 h5 40. Ke3 Re1+ 41. Kf3 Re5 42. Rb8 Rf5+ 43. Kg3 Kc5 44. b4+ axb4 45. Rxb4 Rd5 46. Rf4 Rd7 47. Rf6 Kd5 48. Kf4 Rc7 49. Kg5 Ke5 50. f3 Rd7 51. g3 Ra7 52. c4 Rc7 53. c5 Ra7 54. c6 Re7 55. f4+ Ke4 56. f5 Re5 57. Rxf7 gxf5 58. Kxh5 f4+ 59. Kg4 fxg3 60. Kxg3 Rc5 61. c7 Ke5 62. h5 Ke6 63. Rg7 Kf6 64. h6 Rc1 65. Kf3 Rf1+ 66. Ke4 Re1+ 67. Kd5 Re8 68. Kc6 Rh8 69. Kb7 Rxh6 70. Rd7 1-0

[Event "Havana UCI op 9th"]
[Site "Havana"]
[Date "2010.11.12"]
[Round "4"]
[White "Charon Mustelier, Manuel"]
[Black "Macias Velazquez, Marlies"]
[Result "1/2-1/2"]
[WhiteElo "2198"]
[BlackElo "2126"]
[PlyCount "137"]
[EventDate "2010.11.08"]
[EventType "swiss"]
[EventRounds "9"]
[EventCountry "CUB"]
[SourceTitle "CBM 139 Extra"]
[Source "ChessBase"]
[SourceDate "2011.01.05"]
[SourceVersion "1"]
[SourceVersionDate "2011.01.05"]
[SourceQuality "1"]

1. e4 e5 2. Nf3 Nc6 3. Nc3 Nf6 4. Bb5 d6 5. d4 Bd7 6. 0-0 Be7 7. Re1 exd4 8. Nxd4 0-0 9. Bxc6 bxc6 10. Qf3 Rb8 11. b3 Re8 12. Bb2 h6 13. h3 Nh7 14. Rad1 Bf6 15. Qd3 Nf8 16. Nf3 Ng6 17. Bc1 Qc8 18. Ne2 Qb7 19. Ng3 Qb5 20. Be3 Qa5 21. Bd4 Bxd4 22. Qxd4 c5 23. Qd2 Qxd2 24. Nxd2 f6 25. Nc4 Be6 26. Ne3 Ne7 27. f3 a5 28. Ne2 Kf7 29. Nf4 a4 30. Nfd5 Nxd5 31. exd5 Bd7 32. Kf2 Ra8 33. g4 axb3 34. axb3 Ra2 35. Ra1 Rea8 36. Rxa2 Rxa2 37. Ke2 Ra8 38. Kd2 g6 39. Rb1 c6 40. Nc4 cxd5 41. Nxd6+ Kf8 42. Nb7 Rc8 43. Ra1 Rc7 44. Na5 Ra7 45. c3 Bb5 46. b4 cxb4 47. cxb4 Re7 48. Re1 Rxe1 49. Kxe1 Ke7 50. Kf2 Kd6 51. Ke3 g5 52. Nb3 Bd7 53. Kd4 f5 54. Nc5 fxg4 55. hxg4 Bb5 56. Nd3 Bc4 57. Ne5 Be2 58. Nf7+ Ke6 59. Nxh6 Bxf3 60. b5 Be2 61. b6 Ba6 62. Nf5 Bb7 63. Kc5 Ke5 64. Nd6 Ba8 65. Nb5 Kf4 66. Nc7 Bb7 67. Nxd5+ Kxg4 68. Kd4 Kf5 69. Ne7+ 1/2-1/2

[Event "Havana Marcos Cup"]
[Site "Havana"]
[Date "2010.04.16"]
[Round "8"]
[White "Gomez Fontal, Felix Manuel"]
[Black "Macias Velazquez, Marlies"]
[Result "1-0"]
[WhiteElo "2389"]
[BlackElo "2160"]
[PlyCount "51"]
[EventDate "2010.04.05"]
[EventType "tourn"]
[EventRounds "14"]
[EventCountry "CUB"]
[EventCategory "1"]
[SourceTitle "CBM 136 Extra"]
[Source "ChessBase"]
[SourceDate "2010.07.02"]
[SourceVersion "2"]
[SourceVersionDate "2010.07.15"]
[SourceQuality "1"]

1. d4 e6 2. e4 d5 3. Nd2 dxe4 4. Nxe4 Nd7 5. Nf3 Ngf6 6. Nxf6+ Nxf6 7. Bd3 Be7 8. 0-0 0-0 9. Ne5 c5 10. dxc5 Bxc5 11. Qe2 b6 12. Bg5 Bb7 13. Rad1 Qe7 14. Bxh7+ Kxh7 15. Rd7 Nxd7 16. Bxe7 Bxe7 17. Qd3+ Kg8 18. Qxd7 Bf6 19. Ng4 Bd5 20. Nxf6+ gxf6 21. b3 Rfd8 22. Qe7 Kg7 23. Rd1 Re8 24. Qb4 Red8 25. Rd3 f5 26. Qe7 1-0

[Event "Havana Marcos Cup"]
[Site "Havana"]
[Date "2010.04.16"]
[Round "9"]
[White "Macias Velazquez, Marlies"]
[Black "Mendez Fortes, Eduardo Jesus"]
[Result "0-1"]
[WhiteElo "2160"]
[BlackElo "2310"]
[PlyCount "84"]
[EventDate "2010.04.05"]
[EventType "tourn"]
[EventRounds "14"]
[EventCountry "CUB"]
[EventCategory "1"]
[SourceTitle "CBM 136 Extra"]
[Source "ChessBase"]
[SourceDate "2010.07.02"]
[SourceVersion "2"]
[SourceVersionDate "2010.07.15"]
[SourceQuality "1"]

1. e4 c5 2. Nf3 d6 3. d4 cxd4 4. Nxd4 Nf6 5. Nc3 a6 6. Bc4 e6 7. Bb3 Nbd7 8. Bg5 Nc5 9. f4 Be7 10. Qf3 Qc7 11. 0-0 b5 12. Bxf6 gxf6 13. a3 Nxb3 14. Nxb3 0-0 15. f5 Kh8 16. Rad1 Rg8 17. Rd2 Rb8 18. Qh5 Rg7 19. Rf3 Bd7 20. Rdd3 a5 21. Rg3 Rbg8 22. Rxg7 Rxg7 23. Rd2 b4 24. axb4 a4 25. fxe6 fxe6 26. Nc1 a3 27. N1a2 axb2 28. Qd1 Bc6 29. Qb1 Qb6+ 30. Kh1 Qe3 31. Re2 Qf4 32. b5 Bb7 33. Qe1 f5 34. exf5 Qxf5 35. Rf2 Qg4 36. Qe2 Qh4 37. Nb1 d5 38. Qe1 Qc4 39. Nac3 d4 40. Ne2 Qxc2 41. Qf1 d3 42. Rf8+ Rg8 0-1

[Event "Havana Marcos Cup"]
[Site "Havana"]
[Date "2010.04.12"]
[Round "5"]
[White "Macias Velazquez, Marlies"]
[Black "Salgado, Roberto"]
[Result "0-1"]
[WhiteElo "2160"]
[BlackElo "2135"]
[PlyCount "102"]
[EventDate "2010.04.05"]
[EventType "tourn"]
[EventRounds "14"]
[EventCountry "CUB"]
[EventCategory "1"]
[SourceTitle "CBM 136 Extra"]
[Source "ChessBase"]
[SourceDate "2010.07.02"]
[SourceVersion "2"]
[SourceVersionDate "2010.07.15"]
[SourceQuality "1"]

1. e4 c5 2. Nf3 Nc6 3. Bb5 g6 4. 0-0 Bg7 5. Bxc6 bxc6 6. Re1 Rb8 7. c3 d6 8. h3 e5 9. d4 cxd4 10. cxd4 exd4 11. Nxd4 Ne7 12. Nc3 0-0 13. Rb1 c5 14. Nde2 f5 15. Bf4 Rb6 16. Bg5 Bb7 17. Nf4 Bf6 18. Bxf6 Rxf6 19. Ncd5 Nxd5 20. Nxd5 Bxd5 21. Qxd5+ Kg7 22. e5 Rf7 23. Rbd1 Rd7 24. Re2 Qg8 25. b3 Qxd5 26. Rxd5 Re7 27. f4 dxe5 28. fxe5 Rc6 29. Rc2 Rec7 30. Kf2 Kf7 31. Kf3 Ke6 32. Rcd2 c4 33. Rd6+ Ke7 34. Rxc6 Rxc6 35. Rc2 c3 36. Ke3 Ke6 37. Kd4 g5 38. b4 Rc7 39. a4 Rd7+ 40. Kc5 Kxe5 41. Kc6 Rd8 42. Kc7 Rd3 43. b5 Kd4 44. a5 Re3 45. Rf2 f4 46. b6 axb6 47. axb6 Kd3 48. b7 Re7+ 49. Kc8 c2 50. Rf3+ Ke2 51. Rc3 Kd2 0-1

[Event "Havana UCI op 8th"]
[Site "Havana"]
[Date "2009.11.10"]
[Round "6"]
[White "Salgado Segui, Roberto"]
[Black "Macias Velazquez, Marlies"]
[Result "1-0"]
[WhiteElo "2176"]
[BlackElo "2117"]
[PlyCount "109"]
[EventDate "2009.11.04"]
[EventType "swiss"]
[EventRounds "9"]
[EventCountry "CUB"]
[SourceTitle "EXT 2011"]
[Source "ChessBase"]
[SourceDate "2010.11.26"]
[SourceVersion "1"]
[SourceVersionDate "2010.11.26"]
[SourceQuality "1"]

1. e4 e5 2. d4 exd4 3. Nf3 Nc6 4. Bc4 Nf6 5. e5 d5 6. Bb5 Ne4 7. Nxd4 Bd7 8. Bxc6 bxc6 9. 0-0 Bc5 10. Be3 Qe7 11. f3 Nd6 12. f4 0-0 13. Kh1 Nf5 14. Nxf5 Bxf5 15. Bxc5 Qxc5 16. c3 Rab8 17. b4 Qc4 18. a3 f6 19. Nd2 Qxc3 20. Qc1 Qxc1 21. Raxc1 fxe5 22. fxe5 Bd3 23. Rf3 Bb5 24. Rxf8+ Rxf8 25. Nf3 Rf4 26. Kg1 h6 27. Kf2 Kf7 28. g3 Re4 29. Re1 Ke6 30. h3 g5 31. g4 a6 32. Rxe4 dxe4 33. Nd4+ Kxe5 34. Ke3 Kd5 35. Nf5 Bf1 36. h4 Ke5 37. h5 Bc4 38. Nxh6 Be6 39. a4 Bd7 40. Ng8 Bxg4 41. h6 Bf5 42. Ne7 Bh7 43. Nxc6+ Kd6 44. Nb8 a5 45. b5 Kc5 46. Nc6 Kc4 47. Nd8 Kd5 48. Nf7 g4 49. Ng5 Bg6 50. Kf4 Kd4 51. Ne6+ Kd3 52. Kxg4 e3 53. Nf4+ Kd2 54. Nxg6 e2 55. Ne5 1-0